000
00434nam a2200169Ia 4500
008
090711s9999 xx 000 0 und d
082
_b
16752
100
_a
इंगळे मधुकर
245
_a
रिंगण
260
_c
1965
300
_a
176
600
_a
इंगळे मधुकर
630
_a
रिंगण
700
_a
इंगळे मधुकर
730
_a
रिंगण
942
_c
BOOK
999
_c
295946
_d
295946